000 00304 a2200157 4500
001 57848
020 _a
040 _cAnchieta - Pituba
100 _aUris, Leon
240 1 0 _aExodus
_lpor
245 1 0 _aExodus
300 _a376
362 0 _a1981
650 4 _aFicção norte-americana
942 _cBK
999 _c57848
_d57848